zpět

Detail výsledku týmu

MusiClub Drago, Nový Jičín

Datum a čas kvízu

17 Celkem bodů Celkový počet nahraných bodů na tomto kvízu bez doplňovacích otázek.
1. Pořadí na kvízu Konečné umístění týmu na tomto kvízu.

Zaznamenané odpovědi

# Otázka Odpověď Body Výsledky
1. Pražští zastupitelé schválili... luskoun 1
2. Americký týdeník Time zveřejni... Greta Thunbergová 1
3. Jak se jmenuje osobnost, která... Veronika Khek Kubařová 1
4. Moneta Money Bank podepsala sm... Wüstenrot 1
5. Světová antidopingová agentura... o vyřazení ruských sportovců ze všech velkých soutěží (na 4 roky) 1
6. Plzeňské Odumřelé buňky se v l... vchod 1
7. "Dám vám hádanku a když ji uhá... kamizola 1
8. Ty knedlíky připomínají vajíčk... karety obrovské 1
9. „Prase počká. Ty jsi přednější... Pandrholo 1
10. "Žvejka to je hrozný hnus, žve... Willy Wonka 1